[Event "GER-ch Seniors 22nd"]
[Site "Berlin"]
[Date "2010.08.16"]
[Round "1"]
[White "Mohr, Horst"]
[Black "Glatthor, Thomas"]
[Result "1-0"]
[WhiteElo "1616"]
[BlackElo "1942"]
[PlyCount "74"]
[EventDate "2010.08.16"]
[EventType "swiss"]
[EventRounds "9"]
[EventCountry "GER"]
[SourceTitle "CBM 138 Extra"]
[Source "ChessBase"]
[SourceDate "2010.10.29"]
[SourceVersion "1"]
[SourceVersionDate "2010.10.29"]
[SourceQuality "1"]

1. d4 Nf6 2. Nf3 g6 3. c4 d6 4. Bg5 Bg7 5. Nc3 Bf5 6. e3 Ne4 7. Bh4 c5 8. Bd3 Nxc3 9. bxc3 Bxd3 10. Qxd3 0-0 11. 0-0 Qc7 12. Rab1 b6 13. Qe4 Nc6 14. Rbc1 Rae8 15. Bg3 e5 16. d5 f5 17. Qc2 Na5 18. Ng5 Qe7 19. Ne6 Rf7 20. h4 Bf6 21. Rcd1 Bxh4 22. Bh2 h5 23. Qe2 Bf6 24. f3 Qd7 25. g4 f4 26. gxh5 gxh5 27. exf4 exf4 28. Kh1 Bxc3 29. Rg1+ Kh8 30. Rg6 Rh7 31. Rdg1 Be5 32. Qg2 Qf7 33. Nxf4 Nxc4 34. Ne6 Bxh2 35. Kxh2 Ne5 36. Rg3 h4 37. Rg5 Nxf3+ 1-0

[Event "Berlin Lichtenberger op 9th"]
[Site "Berlin"]
[Date "2010.08.09"]
[Round "3"]
[White "Walter, Guenter1"]
[Black "Mohr, Horst"]
[Result "1-0"]
[WhiteElo "2017"]
[BlackElo "1798"]
[PlyCount "91"]
[EventDate "2010.08.07"]
[EventType "swiss"]
[EventRounds "9"]
[EventCountry "GER"]
[SourceTitle "CBM 137 Extra"]
[Source "ChessBase"]
[SourceDate "2010.09.01"]
[SourceVersion "1"]
[SourceVersionDate "2010.09.01"]
[SourceQuality "1"]

1. e4 c6 2. d4 d5 3. exd5 cxd5 4. c4 Nf6 5. Nc3 e6 6. Nf3 Be7 7. Bg5 h6 8. Be3 0-0 9. c5 b6 10. b4 bxc5 11. bxc5 Qa5 12. Rc1 Ne4 13. Qa4 Qxa4 14. Nxa4 Bd7 15. Nc3 Nxc3 16. Rxc3 a6 17. Ra3 Nc6 18. Rxa6 Rxa6 19. Bxa6 Ra8 20. Bb5 Rxa2 21. Bxc6 Bxc6 22. 0-0 f6 23. Rb1 Bd8 24. Bf4 g5 25. Bd6 g4 26. Ne1 Ba5 27. Nd3 Rd2 28. Nf4 Kf7 29. h4 Rxd4 30. Rb8 Rd1+ 31. Kh2 e5 32. Rf8+ Kg7 33. Nh5+ Kg6 34. Nxf6 h5 35. Bxe5 Re1 36. Bd4 Rd1 37. Be5 d4 38. Nxg4 hxg4 39. Rf6+ Kh5 40. Rxc6 Kxh4 41. Bf4 g3+ 42. Bxg3+ Kg5 43. Ra6 Bd8 44. Rd6 Be7 45. Rd5+ Kg4 46. c6 1-0

[Event "Berlin Lichtenberger op 8th"]
[Site "Berlin"]
[Date "2009.08.18"]
[Round "4"]
[White "Walter, Guenter1"]
[Black "Mohr, Horst"]
[Result "1-0"]
[WhiteElo "2245"]
[BlackElo "1824"]
[PlyCount "49"]
[EventDate "2009.08.15"]
[EventType "swiss"]
[EventRounds "9"]
[EventCountry "GER"]
[SourceTitle "CBM 131 Extra"]
[Source "ChessBase"]
[SourceDate "2009.09.03"]
[SourceVersion "2"]
[SourceVersionDate "2009.09.16"]
[SourceQuality "1"]

1. e4 c6 2. d4 d5 3. exd5 cxd5 4. c4 Nf6 5. Nc3 Nc6 6. Nf3 Bg4 7. cxd5 Nxd5 8. Qb3 Bxf3 9. gxf3 e6 10. Qxb7 Rc8 11. Bb5 Qd7 12. Qxd7+ Kxd7 13. Nxd5 exd5 14. Bd2 Kd6 15. Rc1 Be7 16. 0-0 Nxd4 17. Bb4+ Ke5 18. Rfe1+ Kf4 19. Bd2+ Kxf3 20. Re3+ Kg4 21. Bd7+ f5 22. h3+ Kh5 23. Rxc8 Rxc8 24. Bxc8 Bg5 25. Rd3 1-0

[Event "Berlin Lichtenberger op 8th"]
[Site "Berlin"]
[Date "2009.08.15"]
[Round "1"]
[White "Mohr, Horst"]
[Black "Magnussen, Helge"]
[Result "0-1"]
[WhiteElo "1824"]
[BlackElo "2056"]
[PlyCount "79"]
[EventDate "2009.08.15"]
[EventType "swiss"]
[EventRounds "9"]
[EventCountry "GER"]
[SourceTitle "CBM 131 Extra"]
[Source "ChessBase"]
[SourceDate "2009.09.03"]
[SourceVersion "2"]
[SourceVersionDate "2009.09.16"]
[SourceQuality "1"]

1. d4 Nf6 2. Nf3 c5 3. dxc5 Qa5+ 4. Bd2 Qxc5 5. Nc3 b6 6. g3 Bb7 7. Bg2 e6 8. 0-0 Be7 9. Re1 0-0 10. Na4 Qc6 11. b3 b5 12. Nb2 d5 13. Ne5 Qc7 14. Nf3 Nbd7 15. a4 b4 16. Nd3 a5 17. Bf4 Bd6 18. Bxd6 Qxd6 19. Nd4 Ba6 20. Nb5 Qc6 21. Nd4 Qb6 22. e3 Rac8 23. Rc1 Rc7 24. f4 Rfc8 25. g4 Bxd3 26. Qxd3 Nxg4 27. Qe2 Ngf6 28. f5 e5 29. Nb5 Rc5 30. Red1 Nb8 31. Rd2 Nc6 32. Kh1 Ne7 33. Qf2 Nd7 34. Rcd1 Nf6 35. Bh3 Ne4 36. Qg2 Nxd2 37. Rg1 Qf6 38. Qxd2 Rxc2 39. Qd3 Qh4 40. Rg2 0-1

[Event "Berlin Lichtenberger op 7th"]
[Site "Berlin"]
[Date "2008.08.20"]
[Round "5"]
[White "Liem Thanh, Gabriel"]
[Black "Mohr, Horst"]
[Result "0-1"]
[WhiteElo "1250"]
[BlackElo "1538"]
[PlyCount "72"]
[EventDate "2008.08.16"]
[EventType "swiss"]
[EventRounds "9"]
[EventCountry "GER"]
[SourceTitle "CBM 126 Extra"]
[Source "ChessBase"]
[SourceDate "2008.11.05"]
[SourceVersion "1"]
[SourceVersionDate "2008.11.05"]
[SourceQuality "1"]

1. e4 c6 2. d4 d5 3. exd5 cxd5 4. Nc3 Nc6 5. Nf3 Bf5 6. Bf4 a6 7. Bd3 Bxd3 8. Qxd3 e6 9. 0-0 Bd6 10. Bxd6 Qxd6 11. Rfe1 Nge7 12. a3 Rc8 13. Rac1 0-0 14. Ng5 Ng6 15. h4 h6 16. h5 hxg5 17. hxg6 fxg6 18. Qxg6 Rf6 19. Qxg5 Rh6 20. g3 Nxd4 21. Qe3 Nf5 22. Qe5 Qc6 23. Qf4 Rf8 24. Qg4 Rff6 25. Re5 Rfg6 26. Qf4 Nd6 27. Rg5 d4 28. Nd5 exd5 29. Rxg6 Rxg6 30. Qxd4 Nf5 31. Qf4 Nd6 32. c3 Rf6 33. Qe3 Ne4 34. f4 Rg6 35. Kh2 Rxg3 36. Qd4 Qh6# 0-1

[Event "Berlin Lichtenberger op 7th"]
[Site "Berlin"]
[Date "2008.08.17"]
[Round "2"]
[White "Koerner, Helmut"]
[Black "Mohr, Horst"]
[Result "0-1"]
[WhiteElo "1981"]
[BlackElo "1538"]
[PlyCount "56"]
[EventDate "2008.08.16"]
[EventType "swiss"]
[EventRounds "9"]
[EventCountry "GER"]
[SourceTitle "CBM 126 Extra"]
[Source "ChessBase"]
[SourceDate "2008.11.05"]
[SourceVersion "1"]
[SourceVersionDate "2008.11.05"]
[SourceQuality "1"]

1. b4 e6 2. Bb2 Nf6 3. b5 d5 4. e3 Be7 5. Nf3 0-0 6. c4 c6 7. Nc3 a6 8. a4 Bd7 9. d4 axb5 10. axb5 Rxa1 11. Qxa1 dxc4 12. Bxc4 Qb6 13. Ne5 cxb5 14. Nxd7 Nbxd7 15. Bxb5 Rc8 16. 0-0 Rxc3 17. Bxd7 Rb3 18. Qa8+ Bf8 19. Bxe6 Rxb2 20. Bh3 Qa6 21. Qc8 Ra2 22. g3 b5 23. Qf5 b4 24. e4 g6 25. Qf3 Ra3 26. Qd1 Nxe4 27. Bg2 Nc3 28. Qg4 b3 0-1

[Event "Berlin Lichtenberger op 7th"]
[Site "Berlin"]
[Date "2008.08.16"]
[Round "1"]
[White "Mohr, Horst"]
[Black "Graudons, Karsten"]
[Result "0-1"]
[WhiteElo "1538"]
[BlackElo "1999"]
[PlyCount "56"]
[EventDate "2008.08.16"]
[EventType "swiss"]
[EventRounds "9"]
[EventCountry "GER"]
[SourceTitle "CBM 126 Extra"]
[Source "ChessBase"]
[SourceDate "2008.11.05"]
[SourceVersion "1"]
[SourceVersionDate "2008.11.05"]
[SourceQuality "1"]

1. d4 d5 2. Nf3 Nf6 3. Bf4 e6 4. e3 c5 5. Be2 Qb6 6. 0-0 Qxb2 7. Nbd2 c4 8. Ne5 Nbd7 9. Ndf3 Nxe5 10. Nxe5 Be7 11. Ng4 Ne4 12. Qc1 Qxc1 13. Rfxc1 Ba3 14. Rf1 Nc3 15. Bf3 Bd7 16. Bc7 b6 17. Rfe1 Bb2 18. Rab1 Nxb1 19. Rxb1 Bc3 20. e4 dxe4 21. Bxe4 Rc8 22. Be5 f6 23. Bb7 fxe5 24. Bxc8 Bxc8 25. Nxe5 Bxd4 26. Nxc4 Ke7 27. Rd1 Rd8 28. Kf1 Ba6 0-1